Normal view
MARC view
Entry Personal Name
001 - CONTROL NUMBER
- control field: 76118
003 - CONTROL NUMBER IDENTIFIER
- control field: dpl
005 - DATE AND TIME OF LATEST TRANSACTION
- control field: 20250108153615.0
008 - FIXED-LENGTH DATA ELEMENTS
- fixed length control field: 250108|| aca||aabn | a|a d
040 ## - CATALOGING SOURCE
- Original cataloging agency: dpl
- Transcribing agency: dpl
100 ## - HEADING--PERSONAL NAME
- Personal name: मनजीत सिंह
670 ## - SOURCE DATA FOUND
- Source citation: Work cat.: (dpl)208219: मनजीत सिंह , जब देगा तू आवाज़ /, 2022
